000 02481cam a22004814i 4500
003 PE-LiUPU
005 20250731172727.0
008 150617s r 000 0 d
035 _a(Sirsi) a11356
040 _aPE-LiUPU
_bspa
_cPE-LiUPU
_erda
049 _aPRUA
082 0 4 _a220.9
_bSm5
_221
100 1 _aSmith, George Adam,
_eautor.
245 1 0 _aGeografía Histórica de la Tierra Santa /
_cGeorge Adam Smith.
264 1 _aMéxico :
_bCasa de Publicaciones El Faro,
_c1960.
300 _a366 páginas ;
_c23 cm.
336 _atext
_2rdacontent
337 _aunmediated
_2rdamedia
338 _avolume
_2rdacarrier
505 0 _aVista general del país: El lugar de Siria en la Historia del Mundo -- La Forma de la Tierra Santa y sus Consecuencias Históricas -- El Clima y la Fertilidad de la Tierra Santa y su Influencia sobre la Religión -- el Paisaje de la Tierra y sus Reflejos en la Biblia -- La Tierra y sus Cuestiones de Fe -- La vista desde el Monte Ebal -- La Costa -- La Llanura Marítima -- Los Filisteos y sus Ciudades -- La Shefela -- El Cristianismo Primitivo de la Shefela: Sus Cavernas e Iglesias -- Judea y Samaria: La Historia de su Frontera -- Las Fronteras y los Baluartes de Judea -- Una Evaluación de la Verdadera Fuerza de Judea -- El Carácter de Judea -- Samaria -- Las Fortalezas de Samaria -- La cuestión de Sichar -- Esdraelón -- Galilea -- El lago de Galilea -- El valle del Jordán.
526 _aSEG42
526 _aSEG41
526 _aSEG40
526 _aSEG39
526 _aP94
526 _aP87
526 _aP86
526 _aP85
526 _aP77
526 _aP76
526 _aP35
650 0 4 _aGEOGRAFIA BIBLICA.
910 _ajck
_bjvq
_cjck
_d20150616
942 _2ddc
_cBOOK
949 _a220.9 Sm5
_wDEWEY
_c1
_i12861
_lCCODEBUL1
_mBUL
_p00.00
_r0
_sY
_tBOOK
_u2015-04-21
_xTEOLOGIA
_PP35
_0COMPRA
_o.STAFF. Colección General
949 _a220.9 Sm5
_wDEWEY
_c2
_i05038
_lCCODEBUL1
_mBUL
_p00.00
_r0
_sY
_tBOOK
_u2015-04-21
_xTEOLOGIA
_PP35
_0COMPRA
_o.STAFF. Colección General
994 _aC0
_bPEPRU
596 _a1
999 _a220.9 SM5
_wDEWEY
_c1498
_i12861
_d1498
_f2021-11-9
_g5
_lCCODEBUL1
_mBUL
_q4
_r0
_sY
_tBOOK
_u2015-4-21
_xTEOLOGIA
_PP35
_0COMPRA
_o.STAFF. Colección General
999 _a220.9 SM5
_wDEWEY
_c2
_i05038
_d2019-11-25
_f2019-12-9
_g4
_lDISCARD
_mBUL
_q2
_r1
_sY
_tBOOK
_u2015-4-21
_xTEOLOGIA
_PP35
_0COMPRA
_o.STAFF. Colección General
980 _81
_gALBERTO SANCHEZ Responsable de Automatización